Texas farmer.

Bibliographic Details
New Title:Texas progressive farmer
Uniform Title:Texas farmer (Dallas, Tex.: 1880)
Format: Newspaper
Language:English
Published: Dallas, Tex. : Texas Farmer Co-operative Publishing Company
Subjects:

MARC

Tag First Indicator Second Indicator Subfields
LEADER 00000cas a22000007a 4500
001 in00002357310
005 20251112175144.5
008 860819d18801913txuwr ne 0 0eng d
010 |a sn 86088510  
035 |a (OCoLC)ocm14106507 
035 |a (OCoLC)14106507 
040 |a PPM  |c PPM  |d TXA  |d UtOrBLW 
042 |a msc 
043 |a n-us-tx ǂa n-us-la 
049 |a TXAM 
090 |a S1  |b .P9 
130 0 |a Texas farmer (Dallas, Tex.: 1880) 
245 1 0 |a Texas farmer. 
264 1 |a Dallas, Tex. :  |b Texas Farmer Co-operative Publishing Company 
300 |a volumes :  |b illustrations ;  |c 39 cm. 
310 |a Weekly 
336 |a text  |b txt  |2 rdacontent 
337 |a unmediated  |b n  |2 rdamedia 
338 |a volume  |b nc  |2 rdacarrier 
362 1 |a Began in 1880? 
362 1 |a Ceased with v. 34, no. 9 (June 21, 1913). 
500 |a "Published weekly for the patrons of husbandry of Texas and Louisiana." 
500 |a "Official medium of communication for the Texas State Grange." 
500 |a Editor: J.F. Fuller. 
588 |a Description based on: Volume 4, number 49 (Apr. 16, 1884). 
588 |a Latest issue consulted: Vol. 34, no. 9 (June 21, 1913). 
650 0 |a Agriculture  |z Texas  |v Periodicals. 
752 |a United States  |b Texas  |c Dallas  |d Dallas. 
785 0 0 |t Texas progressive farmer  |w (OCoLC)1117445815 
994 |a C0  |b TXA 
948 |a cataloged  |b h  |c 2008/1/4  |d c  |e mjackson  |f 4:13:05 pm 
999 |a MARS 
999 f f |s 4df9fc5a-f32d-308c-b728-cff5c4d2a666  |i 966472d7-35de-3c18-8d78-904f7eec74ea  |t 0 
952 f f |a Texas A&M University  |b College Station  |c Cushing Memorial Library & Archives  |d Cushing: Dykes (Does not check out)  |t 0  |e S1 .P9  |f Flat File  |h Library of Congress classification 
998 f f |a S1 .P9  |s v.8:no.33 (1888:Jan.5)  |t 0  |l Cushing: Dykes (Does not check out)